[Event "DEM U12w 2023"]
[Site "Willingen GER"]
[Date "2023.06.02"]
[Round "8"]
[White "Kuhn, Sanna"]
[Black "Rössling, Laura Marie"]
[Result "0-1"]
[Termination "normal"]
[Board "5"]
[WhiteElo "992"]
[BlackElo "1312"]
[WhiteClock "00:54:02"]
[BlackClock "00:47:21"]
[PlyCount "118"]
[WhiteFideId "34660313"]
[BlackFideId "16289471"]
[EventCountry "GER"]
[EventRounds "9"]
[EventType "swiss"]
[EventDate "2023.05.27"]

1. e4 {[%clk 01:30:59]} e5 {[%clk 01:30:49]} {[%emt 00:00:11]} 2. Nf3 {[%clk
01:31:25]} {[%emt 00:00:04]} Nc6 {[%clk 01:31:08]} {[%emt 00:00:11]} 3. Bc4
{[%clk 01:31:49]} {[%emt 00:00:06]} Bc5 {[%clk 01:31:25]} {[%emt 00:00:13]} 4.
d3 {[%clk 01:32:14]} {[%emt 00:00:05]} Nf6 {[%clk 01:31:22]} {[%emt 00:00:33]}
5. Be3 {[%clk 01:32:37]} {[%emt 00:00:07]} Bb6 {[%clk 01:30:44]} {[%emt
00:01:08]} 6. Nc3 {[%clk 01:32:59]} {[%emt 00:00:09]} d6 {[%clk 01:22:26]}
{[%emt 00:08:47]} 7. Qd2 {[%clk 01:33:06]} {[%emt 00:00:23]} Bxe3 {[%clk
01:21:34]} {[%emt 00:01:22]} 8. fxe3 {[%clk 01:33:02]} {[%emt 00:00:32]} Be6
{[%clk 01:20:44]} {[%emt 00:01:21]} 9. Bb3 {[%clk 01:33:26]} {[%emt 00:00:06]}
Qd7 {[%clk 01:18:46]} {[%emt 00:02:28]} 10. O-O-O {[%clk 01:33:40]} {[%emt
00:00:16]} O-O-O {[%clk 01:18:46]} {[%emt 00:00:31]} 11. d4 {[%clk 01:32:26]}
{[%emt 00:01:43]} exd4 {[%clk 01:17:41]} {[%emt 00:01:36]} 12. exd4 {[%clk
01:32:45]} {[%emt 00:00:10]} Bxb3 {[%clk 01:17:50]} {[%emt 00:00:21]} 13. cxb3
{[%clk 01:31:36]} {[%emt 00:01:40]} Rhe8 {[%clk 01:17:30]} {[%emt 00:00:47]}
14. Rhe1 {[%clk 01:30:13]} {[%emt 00:01:56]} d5 {[%clk 01:15:41]} {[%emt
00:02:19]} 15. e5 {[%clk 01:29:45]} {[%emt 00:00:59]} Ng4 {[%clk 01:14:56]}
{[%emt 00:01:14]} 16. h3 {[%clk 01:29:04]} {[%emt 00:01:10]} Nh6 {[%clk
01:15:03]} {[%emt 00:00:23]} 17. Qg5 {[%clk 01:25:43]} {[%emt 00:03:51]} Nf5
{[%clk 01:11:18]} {[%emt 00:04:08]} 18. g4 {[%clk 01:22:59]} {[%emt 00:03:22]}
Ng3 {[%clk 01:06:08]} {[%emt 00:05:37]} 19. Qxg7 {[%clk 01:19:46]} {[%emt
00:03:46]} Rh8 {[%clk 01:04:22]} {[%emt 00:02:07]} 20. Qf6 {[%clk 01:18:25]}
{[%emt 00:01:59]} Rde8 {[%clk 01:01:38]} {[%emt 00:03:04]} 21. Qf4 {[%clk
01:17:31]} {[%emt 00:01:35]} Ne4 {[%clk 01:00:33]} {[%emt 00:01:35]} 22. Nxe4
{[%clk 01:17:25]} {[%emt 00:00:35]} dxe4 {[%clk 01:00:34]} {[%emt 00:00:30]}
23. Rxe4 {[%clk 01:17:18]} {[%emt 00:00:36]} Kb8 {[%clk 01:00:23]} {[%emt
00:00:41]} 24. Kb1 {[%clk 01:14:02]} {[%emt 00:03:47]} Nb4 {[%clk 01:00:25]}
{[%emt 00:00:27]} 25. Qd2 {[%clk 01:12:38]} {[%emt 00:01:52]} f5 {[%clk
00:59:30]} {[%emt 00:01:27]} 26. gxf5 {[%clk 01:11:24]} {[%emt 00:01:44]} Qxf5
{[%clk 00:59:26]} {[%emt 00:00:34]} 27. Qe2 {[%clk 01:08:29]} {[%emt 00:03:19]}
Nd5 {[%clk 00:57:26]} {[%emt 00:02:27]} 28. Ka1 {[%clk 01:05:11]} {[%emt
00:03:58]} Rhf8 {[%clk 00:55:59]} {[%emt 00:01:50]} 29. Rf1 {[%clk 01:04:15]}
{[%emt 00:01:32]} Nf4 {[%clk 00:55:24]} {[%emt 00:01:05]} 30. Qe3 {[%clk
01:03:41]} {[%emt 00:00:59]} Qxh3 {[%clk 00:53:31]} {[%emt 00:02:29]} 31. Nd2
{[%clk 01:02:49]} {[%emt 00:01:22]} Qxe3 {[%clk 00:49:30]} {[%emt 00:04:31]}
32. Rxe3 {[%clk 01:02:59]} {[%emt 00:00:20]} Nd5 {[%clk 00:48:55]} {[%emt
00:01:00]} 33. Rxf8 {[%clk 01:02:22]} {[%emt 00:01:11]} Rxf8 {[%clk 00:49:16]}
{[%emt 00:00:10]} 34. Rf3 {[%clk 01:02:46]} {[%emt 00:00:06]} Rg8 {[%clk
00:48:31]} {[%emt 00:01:11]} 35. a3 {[%clk 01:02:05]} {[%emt 00:01:15]} Kc8
{[%clk 00:48:23]} {[%emt 00:00:32]} 36. Ne4 {[%clk 01:00:35]} {[%emt 00:02:05]}
h5 {[%clk 00:47:51]} {[%emt 00:00:58]} 37. Rh3 {[%clk 01:00:24]} {[%emt
00:00:46]} Rg4 {[%clk 00:47:41]} {[%emt 00:00:36]} 38. Nf6 {[%clk 00:59:15]}
{[%emt 00:01:43]} Nxf6 {[%clk 00:47:17]} {[%emt 00:00:54]} 39. exf6 {[%clk
00:59:33]} {[%emt 00:00:12]} Rf4 {[%clk 00:47:40]} {[%emt 00:00:06]} 40. Rxh5
{[%clk 00:59:34]} {[%emt 00:00:29]} Rxf6 {[%clk 00:48:02]} {[%emt 00:00:09]}
41. Re5 {[%clk 00:58:57]} {[%emt 00:01:05]} Rf4 {[%clk 00:48:10]} {[%emt
00:00:18]} 42. d5 {[%clk 00:58:59]} {[%emt 00:00:34]} Rd4 {[%clk 00:48:24]}
{[%emt 00:00:16]} 43. b4 {[%clk 00:59:05]} {[%emt 00:00:24]} Kd7 {[%clk
00:48:41]} {[%emt 00:00:13]} 44. Ka2 {[%clk 00:58:41]} {[%emt 00:00:54]} Kd6
{[%clk 00:49:01]} {[%emt 00:00:10]} 45. Rh5 {[%clk 00:59:04]} {[%emt 00:00:07]}
Rxd5 {[%clk 00:49:11]} {[%emt 00:00:20]} 46. Rxd5+ {[%clk 00:59:28]} {[%emt
00:00:06]} Kxd5 {[%clk 00:49:34]} {[%emt 00:00:07]} 47. Kb3 {[%clk 00:59:54]}
{[%emt 00:00:04]} Kd4 {[%clk 00:49:54]} {[%emt 00:00:09]} 48. a4 {[%clk
01:00:05]} {[%emt 00:00:20]} c6 {[%clk 00:49:37]} {[%emt 00:00:45]} 49. Ka3
{[%clk 00:59:04]} {[%emt 00:01:32]} b5 {[%clk 00:48:44]} {[%emt 00:01:24]} 50.
axb5 {[%clk 00:57:18]} {[%emt 00:02:16]} cxb5 {[%clk 00:49:03]} {[%emt
00:00:11]} 51. Kb3 {[%clk 00:57:04]} {[%emt 00:00:44]} Kd3 {[%clk 00:49:08]}
{[%emt 00:00:24]} 52. Ka3 {[%clk 00:57:21]} {[%emt 00:00:14]} Kc4 {[%clk
00:49:19]} {[%emt 00:00:18]} 53. b3+ {[%clk 00:57:15]} {[%emt 00:00:37]} Kc3
{[%clk 00:49:35]} {[%emt 00:00:13]} 54. Ka2 {[%clk 00:57:26]} {[%emt 00:00:19]}
Kxb4 {[%clk 00:49:58]} {[%emt 00:00:07]} 55. Kb2 {[%clk 00:57:49]} {[%emt
00:00:08]} a5 {[%clk 00:49:05]} {[%emt 00:01:22]} 56. Kc2 {[%clk 00:54:31]}
{[%emt 00:03:49]} Ka3 {[%clk 00:48:33]} {[%emt 00:01:02]} 57. Kc3 {[%clk
00:54:38]} {[%emt 00:00:23]} b4 {[%clk 00:48:49]} {[%emt 00:00:13]} 58. Kc2
{[%clk 00:53:36]} {[%emt 00:01:33]} Ka2 {[%clk 00:47:40]} {[%emt 00:01:38]} 59.
Kc1 {[%clk 00:54:02]} {[%emt 00:00:04]} Kxb3 {[%clk 00:47:21]} {[%emt
00:00:51]} 0-1

[Event "DEM U12w 2023"]
[Site "Willingen GER"]
[Date "2023.06.02"]
[Round "8"]
[White "Kovalskyy, Alicia"]
[Black "Will, Elina"]
[Result "1-0"]
[Termination "normal"]
[Board "6"]
[WhiteElo "1496"]
[BlackElo "1431"]
[WhiteClock "00:06:52"]
[BlackClock "00:02:38"]
[PlyCount "79"]
[WhiteFideId "34612130"]
[BlackFideId "34623434"]
[EventCountry "GER"]
[EventRounds "9"]
[EventType "swiss"]
[EventDate "2023.05.27"]

1. e4 {[%clk 01:30:59]} {[%emt 00:00:01]} e6 {[%clk 01:30:55]} {[%emt
00:00:05]} 2. d4 {[%clk 01:31:24]} {[%emt 00:00:05]} d5 {[%clk 01:31:21]}
{[%emt 00:00:04]} 3. Nc3 {[%clk 01:31:45]} {[%emt 00:00:09]} Nf6 {[%clk
01:31:41]} {[%emt 00:00:10]} 4. e5 {[%clk 01:32:07]} {[%emt 00:00:08]} Nfd7
{[%clk 01:32:05]} {[%emt 00:00:05]} 5. Nf3 {[%clk 01:32:14]} {[%emt 00:00:23]}
c5 {[%clk 01:32:20]} {[%emt 00:00:16]} 6. Ne2 {[%clk 01:32:33]} {[%emt
00:00:11]} Nc6 {[%clk 01:32:10]} {[%emt 00:00:40]} 7. c3 {[%clk 01:32:51]}
{[%emt 00:00:12]} Qb6 {[%clk 01:28:07]} {[%emt 00:04:32]} 8. Qc2 {[%clk
01:12:39]} {[%emt 00:20:42]} cxd4 {[%clk 01:23:20]} {[%emt 00:05:18]} 9. cxd4
{[%clk 01:11:58]} {[%emt 00:01:11]} Bb4+ {[%clk 01:16:47]} {[%emt 00:07:02]}
10. Bd2 {[%clk 01:10:40]} {[%emt 00:01:48]} Bxd2+ {[%clk 01:16:42]} {[%emt
00:00:36]} 11. Qxd2 {[%clk 01:09:43]} {[%emt 00:01:26]} Qb4 {[%clk 01:11:36]}
{[%emt 00:05:36]} 12. Qc3 {[%clk 01:07:13]} {[%emt 00:02:59]} Nb6 {[%clk
01:05:43]} {[%emt 00:06:24]} 13. a3 {[%clk 00:59:58]} {[%emt 00:07:46]} Qe7
{[%clk 00:53:31]} {[%emt 00:12:41]} 14. Ng3 {[%clk 00:50:02]} {[%emt 00:10:26]}
Bd7 {[%clk 00:50:37]} {[%emt 00:03:25]} 15. Be2 {[%clk 00:48:48]} {[%emt
00:01:44]} Rc8 {[%clk 00:49:54]} {[%emt 00:01:12]} 16. Qe3 {[%clk 00:47:31]}
{[%emt 00:01:47]} O-O {[%clk 00:45:10]} {[%emt 00:05:14]} 17. Nh5 {[%clk
00:45:15]} {[%emt 00:02:46]} Na5 {[%clk 00:33:25]} {[%emt 00:12:15]} 18. Nd2
{[%clk 00:43:27]} {[%emt 00:02:18]} Nac4 {[%clk 00:29:50]} {[%emt 00:04:05]}
19. Qg3 {[%clk 00:43:12]} {[%emt 00:00:44]} g5 {[%clk 00:25:46]} {[%emt
00:04:36]} 20. Nf6+ {[%emt 00:00:38]} Kh8 {[%clk 00:25:30]} {[%emt 00:00:43]}
21. Qh3 {[%clk 00:42:53]} {[%emt 00:00:43]} Qxf6 {[%clk 00:23:42]} {[%emt
00:02:18]} 22. exf6 {[%clk 00:43:13]} {[%emt 00:00:10]} e5 {[%clk 00:23:43]}
{[%emt 00:00:29]} 23. Qh6 {[%clk 00:42:25]} {[%emt 00:01:18]} Rg8 {[%clk
00:24:05]} {[%emt 00:00:08]} 24. Nxc4 {[%clk 00:41:03]} {[%emt 00:01:52]} Nxc4
{[%clk 00:23:57]} {[%emt 00:00:38]} 25. b3 {[%clk 00:33:41]} {[%emt 00:07:52]}
Nb6 {[%clk 00:23:57]} {[%emt 00:00:30]} 26. dxe5 {[%clk 00:33:12]} {[%emt
00:01:00]} Rg6 {[%clk 00:23:25]} {[%emt 00:01:01]} 27. Qh5 {[%clk 00:33:14]}
{[%emt 00:00:28]} Rc3 {[%clk 00:22:16]} {[%emt 00:01:39]} 28. g4 {[%clk
00:29:37]} {[%emt 00:04:07]} Rxb3 {[%clk 00:19:20]} {[%emt 00:03:27]} 29. Bd1
{[%clk 00:23:27]} {[%emt 00:06:40]} Rc3 {[%clk 00:18:45]} {[%emt 00:01:05]} 30.
h4 {[%clk 00:19:18]} {[%emt 00:04:39]} h6 {[%clk 00:15:32]} {[%emt 00:03:43]}
31. hxg5 {[%clk 00:18:22]} {[%emt 00:01:26]} d4 {[%clk 00:15:26]} {[%emt
00:00:35]} 32. gxh6 {[%clk 00:14:33]} {[%emt 00:04:20]} Kh7 {[%clk 00:15:49]}
{[%emt 00:00:06]} 33. f4 {[%clk 00:13:33]} {[%emt 00:01:31]} Be8 {[%clk
00:14:07]} {[%emt 00:02:11]} 34. g5 {[%clk 00:08:57]} {[%emt 00:05:07]} Re3+
{[%clk 00:12:43]} {[%emt 00:01:54]} 35. Kf2 {[%clk 00:08:31]} {[%emt 00:00:55]}
Nd5 {[%clk 00:12:32]} {[%emt 00:00:41]} 36. Rh4 {[%clk 00:07:02]} {[%emt
00:01:59]} d3 {[%clk 00:09:45]} {[%emt 00:03:18]} 37. Bf3 {[%clk 00:06:37]}
{[%emt 00:00:55]} Nxf4 {[%clk 00:02:06]} {[%emt 00:08:08]} 38. Rxf4 {[%clk
00:06:47]} {[%emt 00:00:20]} Rxe5 {[%clk 00:02:30]} {[%emt 00:00:07]} 39. Be4
{[%clk 00:06:52]} {[%emt 00:00:25]} Rexg5 {[%clk 00:02:38]} {[%emt 00:00:21]}
40. Qxg5 {[%emt 00:00:12]} 1-0

[Event "DEM U12w 2023"]
[Site "Willingen GER"]
[Date "2023.06.02"]
[Round "8"]
[White "Stiehler, Mara"]
[Black "Dhanasekaran Meenambigai, Diya"]
[Result "1-0"]
[Termination "normal"]
[Board "7"]
[WhiteElo "1227"]
[BlackElo "1440"]
[WhiteClock "00:42:43"]
[BlackClock "00:48:44"]
[PlyCount "73"]
[WhiteFideId "34621199"]
[BlackFideId "34611924"]
[EventCountry "GER"]
[EventRounds "9"]
[EventType "swiss"]
[EventDate "2023.05.27"]

1. e4 {[%clk 01:30:58]} {[%emt 00:00:02]} c5 {[%clk 01:30:52]} {[%emt
00:00:09]} 2. Nc3 {[%clk 01:31:23]} {[%emt 00:00:05]} Nc6 {[%clk 01:30:52]}
{[%emt 00:00:30]} 3. Bb5 {[%clk 01:31:46]} {[%emt 00:00:06]} g6 {[%clk
01:30:11]} {[%emt 00:01:11]} 4. Bxc6 {[%clk 01:32:07]} {[%emt 00:00:09]} bxc6
{[%clk 01:29:33]} {[%emt 00:01:08]} 5. d3 {[%clk 01:32:24]} {[%emt 00:00:13]}
Bg7 {[%clk 01:29:19]} {[%emt 00:00:44]} 6. f4 {[%clk 01:32:34]} {[%emt
00:00:20]} d5 {[%clk 01:27:30]} {[%emt 00:02:19]} 7. Nf3 {[%clk 01:32:12]}
{[%emt 00:00:52]} Bb7 {[%clk 01:21:56]} {[%emt 00:06:05]} 8. O-O {[%clk
01:30:21]} {[%emt 00:02:20]} Qb6 {[%clk 01:17:18]} {[%emt 00:05:08]} 9. Kh1
{[%clk 01:28:52]} {[%emt 00:01:58]} Nf6 {[%clk 01:15:30]} {[%emt 00:02:19]} 10.
Qe1 {[%clk 01:26:17]} {[%emt 00:03:05]} O-O {[%clk 01:12:53]} {[%emt 00:03:08]}
11. Qh4 {[%clk 01:24:59]} {[%emt 00:01:46]} e6 {[%clk 01:09:20]} {[%emt
00:04:04]} 12. Ng5 {[%clk 01:22:43]} {[%emt 00:02:46]} h6 {[%clk 01:07:46]}
{[%emt 00:02:04]} 13. Nh3 {[%clk 01:17:33]} {[%emt 00:05:39]} c4 {[%clk
00:59:51]} {[%emt 00:08:26]} 14. f5 {[%clk 01:09:42]} {[%emt 00:08:21]} h5
{[%clk 00:56:49]} {[%emt 00:03:32]} 15. fxg6 {[%clk 01:04:57]} {[%emt
00:05:15]} fxg6 {[%clk 00:56:48]} {[%emt 00:00:31]} 16. Qg5 {[%clk 01:03:08]}
{[%emt 00:02:19]} cxd3 {[%clk 00:55:12]} {[%emt 00:02:06]} 17. Qxg6 {[%clk
00:56:38]} {[%emt 00:06:59]} dxe4 {[%clk 00:52:39]} {[%emt 00:03:05]} 18. Bh6
{[%clk 00:51:52]} {[%emt 00:05:15]} Qc7 {[%clk 00:51:59]} {[%emt 00:01:10]} 19.
Ng5 {[%clk 00:48:55]} {[%emt 00:03:27]} Qe7 {[%clk 00:49:14]} {[%emt 00:03:15]}
20. Nxe6 {[%clk 00:43:30]} {[%emt 00:05:55]} Rf7 {[%clk 00:48:16]} {[%emt
00:01:28]} 21. Nxg7 {[%clk 00:41:55]} {[%emt 00:02:04]} Rxg7 {[%clk 00:48:34]}
{[%emt 00:00:12]} 22. Bxg7 {[%clk 00:41:42]} {[%emt 00:00:43]} Qxg7 {[%clk
00:48:58]} {[%emt 00:00:07]} 23. Rxf6 {[%clk 00:41:46]} {[%emt 00:00:26]} Rd8
{[%clk 00:47:36]} {[%emt 00:01:52]} 24. Qxg7+ {[%clk 00:41:26]} {[%emt
00:00:50]} Kxg7 {[%clk 00:47:55]} {[%emt 00:00:11]} 25. Re6 {[%clk 00:41:20]}
{[%emt 00:00:35]} Rd7 {[%clk 00:47:35]} {[%emt 00:00:51]} 26. Rxe4 {[%clk
00:41:11]} {[%emt 00:00:39]} d2 {[%clk 00:47:34]} {[%emt 00:00:31]} 27. Rd1
{[%clk 00:40:48]} {[%emt 00:00:53]} c5 {[%clk 00:46:50]} {[%emt 00:01:14]} 28.
Re2 {[%clk 00:40:43]} {[%emt 00:00:35]} Ba6 {[%clk 00:46:41]} {[%emt 00:00:40]}
29. Rexd2 {[%clk 00:40:40]} {[%emt 00:00:32]} Rf7 {[%clk 00:46:52]} {[%emt
00:00:18]} 30. Rd7 {[%clk 00:40:37]} {[%emt 00:00:34]} Kf6 {[%clk 00:47:00]}
{[%emt 00:00:22]} 31. R1d6+ {[%clk 00:40:46]} {[%emt 00:00:21]} Kg7 {[%clk
00:47:08]} {[%emt 00:00:23]} 32. Rxf7+ {[%clk 00:40:55]} {[%emt 00:00:20]} Kxf7
{[%clk 00:47:32]} {[%emt 00:00:07]} 33. Rxa6 {[%clk 00:41:17]} {[%emt
00:00:08]} Ke7 {[%clk 00:47:51]} {[%emt 00:00:10]} 34. Rxa7+ {[%clk 00:41:39]}
{[%emt 00:00:08]} Kd6 {[%clk 00:48:13]} {[%emt 00:00:08]} 35. Rb7 {[%clk
00:42:02]} {[%emt 00:00:08]} Kc6 {[%clk 00:48:29]} {[%emt 00:00:14]} 36. Rb5
{[%clk 00:42:18]} {[%emt 00:00:12]} h4 {[%clk 00:48:44]} {[%emt 00:00:17]} 37.
a4 {[%clk 00:42:43]} {[%emt 00:00:04]} 1-0

[Event "DEM U12w 2023"]
[Site "Willingen GER"]
[Date "2023.06.02"]
[Round "8"]
[White "Leicher, Anna"]
[Black "Baihaghi, Aryana"]
[Result "1-0"]
[Termination "normal"]
[Board "8"]
[WhiteElo "1306"]
[BlackElo "1334"]
[WhiteClock "01:01:18"]
[BlackClock "00:45:29"]
[PlyCount "101"]
[WhiteFideId "34614966"]
[BlackFideId "34604960"]
[EventCountry "GER"]
[EventRounds "9"]
[EventType "swiss"]
[EventDate "2023.05.27"]

1. e4 {[%clk 01:30:59]} e5 {[%clk 01:30:54]} {[%emt 00:00:06]} 2. Nf3 {[%clk
01:31:20]} {[%emt 00:00:10]} Nc6 {[%clk 01:31:11]} {[%emt 00:00:13]} 3. d4
{[%clk 01:31:45]} {[%emt 00:00:05]} exd4 {[%clk 01:31:34]} {[%emt 00:00:06]} 4.
Nxd4 {[%clk 01:32:11]} {[%emt 00:00:05]} Bc5 {[%clk 01:31:55]} {[%emt
00:00:08]} 5. Nxc6 {[%clk 01:32:36]} {[%emt 00:00:05]} Qf6 {[%clk 01:29:19]}
{[%emt 00:03:06]} 6. Qf3 {[%clk 01:32:57]} {[%emt 00:00:10]} Qxc6 {[%clk
01:29:00]} {[%emt 00:00:48]} 7. Nc3 {[%clk 01:33:12]} {[%emt 00:00:16]} Nf6
{[%clk 01:27:44]} {[%emt 00:01:45]} 8. Bd3 {[%clk 01:32:17]} {[%emt 00:01:25]}
O-O {[%clk 01:26:37]} {[%emt 00:01:38]} 9. O-O {[%clk 01:31:49]} {[%emt
00:00:58]} d6 {[%clk 01:25:08]} {[%emt 00:01:59]} 10. a4 {[%clk 01:30:48]}
{[%emt 00:01:31]} a6 {[%clk 01:25:12]} {[%emt 00:00:26]} 11. Bb5 {[%clk
01:29:49]} {[%emt 00:01:28]} Bg4 {[%clk 01:21:48]} {[%emt 00:03:55]} 12. Bxc6
{[%clk 01:25:39]} {[%emt 00:04:40]} Bxf3 {[%clk 01:21:56]} {[%emt 00:00:21]}
13. Bxb7 {[%clk 01:25:51]} {[%emt 00:00:18]} Ra7 {[%clk 01:21:58]} {[%emt
00:00:26]} 14. Nd5 {[%clk 01:17:56]} {[%emt 00:08:27]} Rxb7 {[%clk 01:16:32]}
{[%emt 00:05:57]} 15. Nxf6+ {[%clk 01:17:54]} {[%emt 00:00:31]} gxf6 {[%clk
01:16:46]} {[%emt 00:00:16]} 16. gxf3 {[%clk 01:18:16]} {[%emt 00:00:08]} Kh8
{[%clk 01:17:09]} {[%emt 00:00:07]} 17. Kh1 {[%clk 01:18:35]} {[%emt 00:00:11]}
Rg8 {[%clk 01:17:16]} {[%emt 00:00:23]} 18. b3 {[%clk 01:17:55]} {[%emt
00:01:11]} Rbb8 {[%clk 01:16:55]} {[%emt 00:00:50]} 19. Bb2 {[%clk 01:17:54]}
{[%emt 00:00:31]} Rg6 {[%clk 01:13:33]} {[%emt 00:03:52]} 20. Rad1 {[%clk
01:15:28]} {[%emt 00:02:57]} Rbg8 {[%clk 01:13:31]} {[%emt 00:00:32]} 21. Rd5
{[%clk 01:15:08]} {[%emt 00:00:50]} Rh6 {[%clk 01:13:01]} {[%emt 00:00:57]} 22.
Rf5 {[%clk 01:14:09]} {[%emt 00:01:31]} Rgg6 {[%clk 01:12:11]} {[%emt
00:01:19]} 23. Rg1 {[%clk 01:10:39]} {[%emt 00:03:57]} Bxf2 {[%clk 01:05:35]}
{[%emt 00:07:10]} 24. Rxg6 {[%clk 01:09:23]} {[%emt 00:01:45]} hxg6 {[%clk
01:04:33]} {[%emt 00:01:33]} 25. Rxf6 {[%clk 01:07:42]} {[%emt 00:02:11]} Kg8
{[%clk 01:04:41]} {[%emt 00:00:21]} 26. Kg2 {[%clk 01:06:41]} {[%emt 00:01:32]}
Be3 {[%clk 01:04:01]} {[%emt 00:01:10]} 27. e5 {[%clk 01:06:36]} {[%emt
00:00:36]} d5 {[%clk 00:56:53]} {[%emt 00:07:38]} 28. e6 {[%clk 01:05:48]}
{[%emt 00:01:18]} fxe6 {[%clk 00:52:18]} {[%emt 00:05:04]} 29. Rxe6 {[%clk
01:05:45]} {[%emt 00:00:34]} d4 {[%clk 00:52:18]} {[%emt 00:00:29]} 30. Re4
{[%clk 01:04:55]} {[%emt 00:01:20]} Rh5 {[%clk 00:51:27]} {[%emt 00:01:21]} 31.
Bxd4 {[%clk 01:03:16]} {[%emt 00:02:09]} Rg5+ {[%clk 00:51:40]} {[%emt
00:00:15]} 32. Kf1 {[%clk 01:03:26]} {[%emt 00:00:19]} Rg1+ {[%clk 00:50:53]}
{[%emt 00:01:19]} 33. Ke2 {[%clk 01:03:48]} {[%emt 00:00:09]} Bxd4 {[%clk
00:51:18]} {[%emt 00:00:05]} 34. Rxd4 {[%clk 01:04:02]} {[%emt 00:00:16]} Rg2+
{[%clk 00:51:39]} {[%emt 00:00:09]} 35. Kd3 {[%clk 01:04:10]} {[%emt 00:00:21]}
Rxh2 {[%clk 00:52:02]} {[%emt 00:00:07]} 36. Rd8+ {[%clk 01:03:37]} {[%emt
00:01:04]} Kg7 {[%clk 00:51:45]} {[%emt 00:00:47]} 37. Rd7+ {[%clk 01:04:01]}
{[%emt 00:00:07]} Kh6 {[%clk 00:52:05]} {[%emt 00:00:08]} 38. Rxc7 {[%clk
01:04:25]} {[%emt 00:00:07]} Rf2 {[%clk 00:52:15]} {[%emt 00:00:19]} 39. Ke3
{[%clk 01:04:47]} {[%emt 00:00:09]} Rf1 {[%clk 00:52:29]} {[%emt 00:00:15]} 40.
b4 {[%clk 01:03:49]} {[%emt 00:01:30]} Rb1 {[%clk 00:52:29]} {[%emt 00:00:29]}
41. c3 {[%clk 01:04:02]} {[%emt 00:00:17]} Ra1 {[%clk 00:48:52]} {[%emt
00:04:07]} 42. b5 {[%clk 01:03:17]} {[%emt 00:01:15]} Rxa4 {[%clk 00:46:31]}
{[%emt 00:02:52]} 43. b6 {[%clk 01:03:24]} {[%emt 00:00:23]} Ra5 {[%clk
00:46:35]} {[%emt 00:00:25]} 44. c4 {[%clk 01:02:14]} {[%emt 00:01:41]} Ra3+
{[%clk 00:46:41]} {[%emt 00:00:24]} 45. Ke4 {[%clk 01:02:27]} {[%emt 00:00:17]}
Rb3 {[%clk 00:46:59]} {[%emt 00:00:11]} 46. c5 {[%clk 01:02:25]} {[%emt
00:00:32]} a5 {[%clk 00:46:49]} {[%emt 00:00:40]} 47. Ra7 {[%clk 01:01:05]}
{[%emt 00:01:50]} Rb4+ {[%clk 00:46:16]} {[%emt 00:01:03]} 48. Kd5 {[%clk
01:01:24]} {[%emt 00:00:12]} a4 {[%clk 00:46:30]} {[%emt 00:00:16]} 49. b7
{[%clk 01:01:33]} {[%emt 00:00:21]} a3 {[%clk 00:46:28]} {[%emt 00:00:31]} 50.
c6 {[%clk 01:01:24]} {[%emt 00:00:39]} Rb3 {[%clk 00:45:29]} {[%emt 00:01:29]}
51. Rxa3 {[%clk 01:01:18]} {[%emt 00:00:36]} 1-0